| 000 | 00488nam a22001577a 4500 | ||
|---|---|---|---|
| 005 | 20251108171222.0 | ||
| 008 | 250721s1986 xx 000 0 ara d | ||
| 082 | 1 | 4 | _a210.433/عبد |
| 100 | 1 | _aحسنين، عبد النعيم | |
| 245 | 1 | 0 | _aالإنسان و المال في الإسلام / |
| 264 | 1 |
_aالقاهرة، المنصورة : _bدار الوفاء، _c1986. |
|
| 300 | _a200ص. | ||
| 650 | 1 | 7 | _aالإسلام و الإقتصاد |
| 942 |
_2ddc _cBK |
||
| 999 |
_c59622 _d59622 |
||